MARC

LEADER 00000nam0a2200000 4500
001 295767
005 20231102000836.0
020 |a RU  |b 84-50255 
035 |a (RuTPU)RU\TPU\book\320856 
090 |a 295767 
100 |a 20150526d1984 m y0rusy5003 ca 
101 0 |a rus 
102 |a RU 
105 |a a j 001zy 
200 1 |a Электромонтер-обмотчик и изолировщик по ремонту электрических машин и трансформаторов  |e учебное пособие для среднего профессионально-технического образования  |f Н. М. Перельмутер 
210 |a Москва  |c Высшая школа  |d 1984 
215 |a 328 с.  |c ил. 
225 1 |a Профессионально-техническое образование 
320 |a Библиогр.: с. 326 
606 1 |a Обмотки электрических машин  |x Ремонт  |2 stltpush  |3 (RuTPU)RU\TPU\subj\46409  |9 65549 
606 1 |a Трансформаторы  |x Обмотка  |x Ремонт  |x Изоляция  |2 stltpush  |3 (RuTPU)RU\TPU\subj\61407  |9 78599 
610 1 |a учебные пособия 
610 1 |a электромонтеры 
610 1 |a обмоточно-изолировочные работы 
610 1 |a проводниковые материалы 
610 1 |a магнитные материалы 
610 1 |a электроизоляционные материалы 
610 1 |a схемы 
610 1 |a заготовки 
610 1 |a технология 
610 1 |a крепление 
610 1 |a пропитка 
610 1 |a сушка 
675 |a 621.313.045(075.3)  |z rus  |v 3 
675 |a 621.314.21.04(075.3)  |z rus  |v 3 
700 1 |a Перельмутер  |b Н. М.  |g Наум Моисеевич  |4 070 
801 0 |a RU  |b RuMRKP  |c 19950704  |g psbo 
801 1 |a RU  |b 63413507  |c 20150526 
801 2 |a RU  |b 63413507  |c 20181031  |g RCR 
942 |c BK